000 00738nam a2200217Ia 4500
003 GCL
008 140319s9999 xx 000 0 ara d
020 _a6154109977
040 _aGCL /
_cGCL
082 0 4 _a956.7
_bب ع
100 1 _aبشير موسى نافع
245 1 0 _aالعراق سياقات الوحدة والانقسام /
_cبشير موسى نافع
250 _aالاولى
260 _aالقاهرة :
_bدار الشروق ،
_c2006
300 _a220 ص ؛
_c24 سم
650 0 4 _aالعراق - تاريخ - العصر الحديث
650 0 4 _aالشيعة - العراق
650 0 4 _aالعراق - تاريخ - الاحوال السياسية
650 0 4 _aالسنة - العراق
942 _2ddc
_cBK
999 _c9579
_d9579